00570 2200217 4500001002100000005001500021035002000036007000300056008004100059020002200100082001100122084001700133100001800150245005800168260004100226300002600267650001600293700001900309990001200328990001200340INLIS00000000000015120170912105054 a0010-0917000137ta170912 f 0  a978-602-02-4598-0 a297.27 a297.27 AYO s0 aAyodya, Wulan1 a110 Solusi Jadi Pengusaha Yang Berkah /cWulan Ayodya aJakarta :bPT. Elek Media Komputindo a270 hlm ;c14 x 21 cm aAgama Islam0 aEndang Koswara a16102 A a16102 B